Chaîne de mots - Islam - Statistiques

Statistiques générales
  • Ce quiz a été pris 1 436 fois
  • Le résultat moyen est 14 sur 21
Statistiques - réponses
Indice Réponse % Correct
Le mois du jeûne Ramadan
98%
Il y'en a 114 dans le Coran Sourate
94%
Dieu en arabe Allah
93%
Endroit où seront châtiés les "infidèles" Enfer
92%
Ce qui est interdit ou illicite en Islam Haram
85%
Première homme sur Terre selon le Coran Adam
81%
Ce qui est permis ou licite en Islam Halal
78%
Un des prophètes, Nūḥ en arabe Noé
74%
Le pèlerinage à La Mecque Hajj
72%
Zone Géographique Nord-Africaine à majorité musulmane Maghreb
68%
Désigne la tradition et les pratiques du prophète islamique Mahomet Sunna
67%
Nom arabe désignant le paradis dans le Coran Jannah
61%
Version anglaise du mot désignant la fête du sacrifice ou de la fin du Ramadan Eid
59%
Le nom de Satan dans l'Islam Iblis
59%
Un voile facial porté par certaines femmes musulmanes Niqab
57%
Ils ont été conçus à partir du « feu sans fumée » Djinn
56%
Recueil des paroles, actions et approbations du Prophète Mahomet Hadith
55%
Une expression arabe qui signifie "Au nom de Dieu" Bismillah
53%
La bénédiction ou la grâce divine Baraka
41%
Un érudit islamique qui émet des fatwas (avis juridiques) sur des questions religieuses Mufti
7%
Personnage dont on retient deux traits : sa sagesse et sa longévité dans le Coran Luqman
5%
Aucun quiz correspondant
Distribution des résultats
% des personnes avec chaque résultat
Percentile par nombre de réponses
Votre historique - résultats
Vous n’avez pas pris ce quiz